000
00300 a2200145 4500
001
155428
040
_c
Escola São Tomás de Aquino
240
1
0
_a
Gramática
_l
por
245
1
0
_a
Gramática
300
_a
48
362
0
_a
2016
440
1
_a
Moderna
697
_a
Língua portuguesa
942
_c
BK
999
_c
155428
_d
155428